• 首页
  • 本馆介绍
  • 公告通知
  • 最新文献
  • 馆藏检索
  • 电子资源
  • 读者导购
  • 参考咨询
  • 我的图书馆
  • 登录
  • 详细信息显示
  • 放入我的书架
  • 预约/预借图书
  • 作者相关作品
  • 分类相关作品
  • 丛书相关作品
  • 出版社相关作品

书目信息

  • 表格格式
  • 工作单格式
  • 卡片格式
题名:
六朝文洁笺注
    
 
作者: 许〓 评选 ;黎经诰 笺注
分册:  
出版信息: 上海   上海古籍出版社  1982
页数: 188页
开本: 21cm
丛书名:
单 册:
中图分类: I222.5
科图分类:
主题词: 骈文--中国--南北朝时代--选集
电子资源:
ISBN:
000 00690nam0 2200253 45
001 0182004573
005 20060911175618.10
010    @dCNY0.74
091    @aCN@b10186.304
100    @a19950214d1982 em y0chiy0121 ea
101 0  @achi
102    @aCN@b310000
105    @ay z 000zy
200 10 @a六朝文洁笺注@Aliu chao wen jie jian zhu@f(清)许〓评选@g(清)黎经诰笺注
205    @a新1版
210    @a上海@c上海古籍出版社@d1982
215    @a188页@d21cm
606    @a骈文@y中国@z南北朝时代@x选集
690    @aI222.5@v3
701  0 @a许〓@Axu〓@f清@4评选
702  0 @a黎经诰@Ali jing gao@f清@4笺注
801  2 @aCN@bNLC@c20060911
801  0 @aCN@bTSSF
905    @a10447@dI222.5@e464
    
    六朝文洁笺注/(清)许〓评选/(清)黎经诰笺注.-新1版.-上海:上海古籍出版社,1982
    188页;21cm
    
    
    ISBN :CNY0.74
    
●
相关链接 在E读中查询图书 在五车中查询图书 在当当中查询图书 在豆瓣中查询图书


正题名:六朝文洁笺注     索取号:I222.5/464         预约/预借

序号 登录号 条形码 馆藏地/架位号 状态 备注
1 0472112   204721122   密集书库/ [索取号:I222.5/464] 在馆    
唐山师范学院图书馆 欢迎您!
大连网信软件有限公司© 版权所有